[Event "FRA-chT Top 12 2019"]
[Site "Brest"]
[Date "2019.05.23"]
[Round "6.3"]
[White "Demuth, Adrien"]
[Black "Van Wely, Loek"]
[Result "0-1"]
[WhiteElo "2517"]
[BlackElo "2600"]
[Annotator "RC"]
[PlyCount "86"]
[EventDate "2019.05.18"]
[EventType "team-tourn"]
[EventCountry "FRA"]
[SourceTitle "playchess.com"]
[Source "ChessBase"]
[SourceQuality "1"]
[TimeControl "40/5400+30:1800+30"]

1. e4 {[%emt 0:00:00]} c5 {[%emt 0:05:16]} 2. Nf3 {[%emt 0:00:00]} e6 {[%emt 0:00:40]} 3. b3 {[%emt 0:00:00]} b6 {[%emt 0:00:57]} 4. d4 {[%emt 0:00:30]} cxd4 {[%emt 0:00:36]} 5. Nxd4 {[%emt 0:00:06]} a6 {[%emt 0:05:40]} 6. Bb2 {[%emt 0:02:03]} Bb7 {[%emt 0:04:13]} 7. Nd2 {[%emt 0:00:07]} d6 {[%emt 0:01:51]} 8. c4 {[%emt 0:03:12]} Nf6 {[%emt 0:02:15]} 9. Bd3 {[%emt 0:00:31]} g6 {[%emt 0:02:29]} 10. O-O {[%emt 0:01:57]} Bg7 {[%emt 0:01:25]} 11. Qe2 {[%emt 0:01:45]} Nbd7 {[%emt 0:04:14]} 12. Rad1 {[%emt 0:01:04]} O-O {[%emt 0:01:13]} 13. Bb1 {[%emt 0:03:49]} Qc7 {[%emt 0:05:30]} 14. f4 {[%emt 0:16:21]} e5 {[%emt 0:02:17]} 15. fxe5 {[%emt 0:01:27]} Nxe5 {[%emt 0:00:12]} 16. Nc2 {[%emt 0:12:48]} Rae8 {[%emt 0:18:09]} 17. Ne3 {[%emt 0:02:16]} Ned7 {[%emt 0:00:35]} 18. Qf3 {[%emt 0:11:23]} Re7 {[%emt 0:12:10]} 19. Kh1 {[%emt 0:01:45]} Rfe8 {[%emt 0:01:53]} 20. Nd5 {[%emt 0:02:30]} Bxd5 {[%emt 0:03:17]} 21. cxd5 {[%emt 0:04:22]} Nxe4 {[%emt 0:06:56]} 22. Nxe4 {[%emt 0:11:31]} Bxb2 {[%emt 0:00:14]} 23. Qf2 {[%emt 0:00:42]} Bg7 {[%emt 0:04:23]} 24. Rc1 {[%emt 0:00:56]} Nc5 {[%emt 0:01:13]} 25. b4 {[%emt 0:03:58]} Nxe4 {[%emt 0:00:16]} 26. Bxe4 {[%emt 0:00:06]} Qd7 {[%emt 0:01:21]} 27. Bd3 {[%emt 0:03:07]} b5 {[%emt 0:05:16]} 28. Qb6 {[%emt 0:02:38]} Qg4 {[%emt 0:00:56]} 29. Qxa6 {[%emt 0:09:34]} Be5 {[%emt 0:00:14]} 30. Rf3 {[%emt 0:02:26]} Qh4 {[%emt 0:05:40]} 31. Rh3 {[%emt 0:00:29]} Qxb4 {[%emt 0:01:08]} 32. Bxb5 {[%emt 0:00:57]} Rb8 {[%emt 0:00:43]} 33. Bf1 {[%emt 0:01:07]} Qd2 {[%emt 0:01:21]} 34. Qc4 {[%emt 0:00:55]} Rb2 {[%emt 0:00:55]} 35. Rd3 {[%emt 0:00:33]} Qh6 {[%emt 0:00:39]} 36. Rh3 {[%emt 0:00:08]} Qg5 {[%emt 0:00:06]} 37. a4 {[%emt 0:00:36]} Reb7 {[%emt 0:00:23]} 38. a5 {[%emt 0:00:48]} R7b4 {[%emt 0:00:49]} 39. Qc8+ {[%emt 0:00:25]} Kg7 {[%emt 0:00:01]} 40. Rf3 {[%emt 0:00:37]} Rf4 {[%emt 0:01:23]} 41. Rg3 {[%emt 0:06:48]} Qf6 {[%emt 0:07:58]} 42. Qa6 {[%emt 0:04:17]} Rh4 {[%emt 0:03:14]} 43. Rf3 {[%emt 0:00:27]} Qxf3 {[%emt 0:00:57]} 0-1

[Event "FRA-chT Top 12 2019"]
[Site "Brest"]
[Date "2019.05.23"]
[Round "6.3"]
[White "Efimov, Igor"]
[Black "Moussard, Jules"]
[Result "1/2-1/2"]
[WhiteElo "2439"]
[BlackElo "2583"]
[Annotator "TA"]
[PlyCount "81"]
[EventDate "2019.05.18"]
[EventType "team-tourn"]
[EventCountry "FRA"]
[SourceTitle "playchess.com"]
[Source "ChessBase"]
[SourceQuality "1"]

{[%evp 13,81,10,0,0,8,8,12,-1,0,0,0,0,0,0,0,0,0,0,0,-4,0,-6,0,0,0,-12,-7,-11,0,-6,-8,-7,0,-38,-31,-65,-37,-33,-35,-27,0,0,0,-7,0,0,0,0,0,0,0,0,0,0,0,0,0,0,0,0,0,0,0,0,0,0,0,0,0,0]} 1. d4 Nf6 2. c4 g6 3. Nc3 d5 4. Nf3 Bg7 5. e3 O-O 6. Bd2 c6 7. Rc1 Ne4 8. cxd5 {D94: Grünfeld: 4 Nf3 Bg7 5 e3} Nxd2 9. Qxd2 cxd5 10. Ne5 $146 ({Predecessor:} 10. Bd3 Nc6 11. O-O Bg4 12. Be2 Qa5 13. h3 Bxf3 14. Bxf3 {½-½ (14) Liang,C (2556)-Peng,X (2629) Kolkata 2001}) 10... Nd7 11. Nxd7 Qxd7 12. Be2 e6 13. O-O b6 14. Rc2 Bb7 15. Rfc1 Rfc8 16. f4 h5 17. h4 Bf6 18. g3 Kg7 19. Nd1 Rxc2 20. Rxc2 Rc8 21. Qc1 Rxc2 22. Qxc2 Be7 23. a3 {[#]} e5 $1 {[%mdl 512] Threatens to win with ...Qh3.} 24. Bf3 (24. dxe5 Qh3) 24... exd4 (24... e4 $5 {[%cal Re4f3]} 25. Bg2 a5 $17) 25. exd4 Bf6 26. Qc3 Qh3 27. Bg2 {The position is equal.} Qd7 {Black wants to play ...Qa4.} (27... Qe6 {is more complex.} 28. Kf2 b5 29. Ne3 Bd8 30. Nc2 Bb6) 28. Ne3 Kh7 29. Kh2 Bg7 30. Bh3 Qd6 31. b4 Qc6 32. Qd3 Qf6 33. Nc2 a6 34. Bg2 Qd6 35. Ne3 f5 36. Qc3 Kh6 37. Nc2 Qc6 38. Qd3 Qe8 39. Ne3 Qe6 40. Nc2 Qe8 41. Ne3 {Accuracy: White = 63%, Black = 70%.} 1/2-1/2

[Event "FRA-chT Top 12 2019"]
[Site "Brest"]
[Date "2019.05.23"]
[Round "6.3"]
[White "Lefebvre, Herve"]
[Black "Karthikeyan, Murali"]
[Result "0-1"]
[WhiteElo "2291"]
[BlackElo "2596"]
[Annotator "RC"]
[PlyCount "52"]
[EventDate "2019.05.18"]
[EventType "team-tourn"]
[EventCountry "FRA"]
[SourceTitle "playchess.com"]
[Source "ChessBase"]
[SourceQuality "1"]
[TimeControl "40/5400+30:1800+30"]

1. e4 c5 2. Nf3 e6 3. d4 cxd4 4. Nxd4 a6 5. Bd3 Nf6 6. O-O d6 7. Qe2 g6 8. c4 Bg7 9. Nc3 Nc6 10. Nxc6 bxc6 11. b3 O-O 12. Ba3 c5 13. Bb2 Nh5 14. g3 Bd4 15. Qd2 Bb7 16. Rae1 Qa5 17. Qc2 Nf6 18. Kg2 Ng4 19. Be2 f5 20. Kg1 Nxf2 21. Rxf2 fxe4 22. Ref1 Rxf2 23. Rxf2 Rf8 24. Nd1 Qe1+ 25. Bf1 Bxf2+ 26. Nxf2 e3 0-1

[Event "FRA-chT Top 12 2019"]
[Site "Brest"]
[Date "2019.05.23"]
[Round "6.4"]
[White "Gozzoli, Yannick"]
[Black "Ribbegren, Karl Johan"]
[Result "1-0"]
[WhiteElo "2622"]
[BlackElo "2209"]
[Annotator "TA"]
[PlyCount "61"]
[EventDate "2019.05.18"]
[EventType "team-tourn"]
[EventCountry "FRA"]
[SourceTitle "playchess.com"]
[Source "ChessBase"]
[SourceQuality "1"]

{[%evp 9,61,75,103,89,104,97,95,89,108,113,114,91,92,92,106,101,122,117,142,138,141,149,259,243,259,268,277,263,269,281,297,264,305,328,357,386,378,384,395,387,374,354,381,340,384,372,434,426,446,412,426,415,412,364]} 1. d4 Nf6 2. c4 c5 3. d5 e5 4. Nc3 d6 5. e4 Nbd7 6. h4 {A56: Czech Benoni} (6. Bd3 Be7 7. Nge2 g6 8. h4 a6 9. Bg5 h6 10. Bd2 Kf8 11. f3 Kg7 12. Be3 h5 13. Qd2 Ne8 14. g3 Ndf6 15. a3 {1-0 (81) Vallejo Pons,F (2695)-Aronian,L (2765) St Petersburg 2018}) 6... h5 7. g3 Be7 8. Nh3 {White is better.} a6 9. a4 Nf8 10. Be2 $146 ({Predecessor:} 10. Ng5 Ng6 11. Be2 Rb8 12. Rb1 Bg4 13. Bxg4 Nxg4 14. O-O Qd7 15. f3 {½-½ (43) Babula,V (2545)-Liew Chee Meng,J (2335) Yerevan 1996}) 10... Bd7 11. Bd2 Bxh3 12. Rxh3 Qd7 13. Rh1 Ng4 14. Bf1 g6 15. Bh3 {aiming for f3.} f5 (15... Qc7 $16 {was worth a try.} 16. Bxg4 hxg4 17. Qxg4 Nd7) 16. f3 $18 Nh6 17. Qc1 Nf7 18. Qc2 Nh6 19. Bxh6 Rxh6 20. exf5 Qd8 21. Ne4 Qa5+ 22. Ke2 gxf5 23. Bxf5 Nd7 24. g4 O-O-O 25. g5 Rhh8 26. Be6 Kc7 27. Rhg1 Bf8 28. Ng3 e4 29. f4 Bg7 30. Nxe4 Bd4 31. Rgf1 {Accuracy: White = 77%, Black = 43%.} 1-0

[Event "FRA-chT Top 12 2019"]
[Site "Brest"]
[Date "2019.05.23"]
[Round "6.4"]
[White "Fedorchuk, Sergey A."]
[Black "Savina, Anastasia"]
[Result "1-0"]
[WhiteElo "2620"]
[BlackElo "2353"]
[Annotator "TA"]
[PlyCount "47"]
[EventDate "2019.05.18"]
[EventType "team-tourn"]
[EventCountry "FRA"]
[SourceTitle "playchess.com"]
[Source "ChessBase"]
[SourceQuality "1"]

{[%evp 9,47,25,37,14,14,3,27,-8,-4,-70,-70,-79,-64,-86,-74,-83,-75,-78,-76,-78,-85,-81,-83,-91,-83,-85,-8,-14,0,0,0,0,0,0,0,0,0,-18,579,561]} 1. e4 c5 2. Nf3 Nc6 3. Bb5 g6 4. Bxc6 dxc6 5. d3 Bg7 6. Nbd2 {B31: Sicilian: 2...Nc6 3 Bb5 g6} (6. h3 Nf6 7. Nc3 Nd7 8. Be3 e5 9. Qd2 h6 10. O-O b6 11. a3 Nf8 12. b4 Ne6 13. bxc5 f5 14. exf5 gxf5 15. Qe1 O-O 16. Rb1 e4 17. dxe4 {0-1 (36) Wang,H (2730)-Carlsen,M (2835) St Petersburg 2018}) 6... Nf6 7. Nc4 Be6 8. Ne3 $146 {[#]White has an edge.} ({Predecessor:} 8. Nce5 Qc7 9. Bf4 Nh5 10. Qd2 Nxf4 11. Qxf4 f6 12. d4 fxe5 13. dxe5 {0-1 (21) Brunclik,V (1669)-Casella,S (1807) ICCF email 2009}) 8... c4 $1 {[%mdl 512]} 9. Ng5 ({Better is} 9. O-O $11) (9. dxc4 Qxd1+) 9... Qa5+ $15 10. Kf1 cxd3 $1 ({Avoid the trap} 10... Qxg5 $2 11. Nf5 $18) 11. Nxe6 fxe6 12. cxd3 Rd8 {aiming for ...Nxe4!} 13. Nc4 Qa6 {White must now prevent ...Qxc4!} 14. Qe2 {[#]} Nd7 $1 {[%cal Rd7c5] And now ...Nc5 would win.} 15. Be3 Ne5 16. Nxe5 Bxe5 17. Rd1 O-O (17... Qxa2 $17 18. g3 Bd4) 18. b3 $11 Bd4 19. Bxd4 Rxd4 20. h4 Rf4 {Black wants to play ...Rfxe4!} 21. Ke1 Qa5+ 22. Rd2 Qe5 {[%cal Rf4e4]} 23. Kf1 Qf6 $2 {[%mdl 8192] [#]} (23... Qd6 $11 {and Black stays safe.} 24. f3 h6) 24. g3 $1 {Accuracy: White = 54%, Black = 53%.} 1-0

[Event "FRA-chT Top 12 2019"]
[Site "Brest"]
[Date "2019.05.23"]
[Round "6.4"]
[White "Tregubov, Pavel V."]
[Black "Gharamian, Tigran"]
[Result "1/2-1/2"]
[WhiteElo "2586"]
[BlackElo "2602"]
[Annotator "TA"]
[PlyCount "52"]
[EventDate "2019.05.18"]
[EventType "team-tourn"]
[EventCountry "FRA"]
[SourceTitle "playchess.com"]
[Source "ChessBase"]
[SourceQuality "1"]

{[%evp 12,52,20,19,21,14,10,7,19,11,32,24,17,12,29,10,51,58,43,45,48,48,50,46,61,21,43,0,0,8,13,0,19,0,6,0,0,0,27,18,32,0,-17]} 1. c4 Nf6 2. Nc3 e6 3. e4 d5 4. e5 d4 5. exf6 dxc3 6. bxc3 Qxf6 7. Nf3 b6 {A18: English Opening: Flohr-Mikenas System (1 c4 Nf6 2 Nc3 e6 3 e4)} 8. g3 Bb7 9. Bg2 Qd8 $146 ({Predecessor:} 9... Nd7 10. d4 Bd6 11. Bg5 Qf5 12. Nh4 Qxg5 13. Bxb7 Rd8 14. Qa4 O-O 15. O-O {1-0 (31) Navara,D (2737)-Abasov,N (2608) Batumi 2018}) 10. d4 Be7 11. a4 {[%cal Ba2a4,Ba4a5][%mdl 32]} O-O 12. a5 Qc8 13. Qa4 Bc6 14. Qa2 Nd7 15. O-O Rb8 16. Re1 Bf6 17. Bf4 Ba8 18. Qc2 b5 19. Nd2 Bxg2 20. Kxg2 bxc4 21. Nxc4 Rb5 22. a6 Nb6 23. Qd3 Nd5 24. Bd2 c5 25. Kg1 {[#] aiming for Nd6.} Rb3 26. Na5 (26. Qc2 $5 {[%cal Rc2b3]} Rb8 27. Nd6 $11) 26... Rb6 {Accuracy: White = 44%, Black = 37%.} 1/2-1/2

[Event "FRA-chT Top 12 2019"]
[Site "Brest"]
[Date "2019.05.23"]
[Round "6.4"]
[White "Wirig, Anthony"]
[Black "Riff, Jean-Noel"]
[Result "1/2-1/2"]
[WhiteElo "2516"]
[BlackElo "2494"]
[Annotator "ChessBase"]
[PlyCount "41"]
[EventDate "2019.05.18"]
[EventType "team-tourn"]
[EventCountry "FRA"]
[SourceTitle "playchess.com"]
[Source "ChessBase"]
[SourceQuality "1"]
[TimeControl "40/5400+30:1800+30"]

1. d4 {[%emt 0:00:00]} Nf6 {[%emt 0:00:00]} 2. Nf3 {[%emt 0:00:00]} e6 {[%emt 0:00:00]} 3. Bg5 {[%emt 0:00:09]} c5 {[%emt 0:02:14]} 4. e3 {[%emt 0:05:46]} h6 {[%emt 0:02:16]} 5. Bh4 {[%emt 0:00:32]} Be7 {[%emt 0:02:50]} 6. Nbd2 {[%emt 0:03:37]} O-O {[%emt 0:02:45]} 7. c3 {[%emt 0:14:36]} cxd4 {[%emt 0:04:26]} 8. cxd4 {[%emt 0:01:49]} b6 {[%emt 0:02:35]} 9. Bxf6 {[%emt 0:12:44]} Bxf6 {[%emt 0:00:55]} 10. Bd3 {[%emt 0:00:11]} Bb7 {[%emt 0:03:26]} 11. O-O {[%emt 0:17:16]} d6 {[%emt 0:02:27]} 12. Qe2 {[%emt 0:01:08]} Nd7 {[%emt 0:02:52]} 13. Rac1 {[%emt 0:02:35]} Rc8 {[%emt 0:01:51]} 14. Ba6 {[%emt 0:01:22]} Bxa6 {[%emt 0:05:58]} 15. Qxa6 {[%emt 0:00:29]} Rc7 {[%emt 0:00:03]} 16. Ne4 {[%emt 0:03:16]} Be7 {[%emt 0:02:15]} 17. Rxc7 {[%emt 0:03:53]} Qxc7 {[%emt 0:00:08]} 18. Nc3 {[%emt 0:00:20]} Nb8 {[%emt 0:00:11]} 19. Qa4 {[%emt 0:08:32]} a6 {[%emt 0:01:15]} 20. Rc1 {[%emt 0:02:12]} Rc8 {[%emt 0:00:42]} 21. Qd1 {[%emt 0:05:51]} 1/2-1/2

[Event "FRA-chT Top 12 2019"]
[Site "Brest"]
[Date "2019.05.23"]
[Round "6.4"]
[White "Godart, Francois"]
[Black "Edouard, Romain"]
[Result "1/2-1/2"]
[WhiteElo "2419"]
[BlackElo "2642"]
[Annotator "TA"]
[PlyCount "82"]
[EventDate "2019.05.18"]
[EventType "team-tourn"]
[EventCountry "FRA"]
[SourceTitle "playchess.com"]
[Source "ChessBase"]
[SourceQuality "1"]

{[%evp 10,82,25,13,19,25,18,21,13,12,10,8,23,6,29,22,39,25,49,26,60,13,63,-48,-44,-27,0,0,0,-68,-73,-93,0,-45,-32,-41,-44,-147,-122,-138,-117,-130,-105,-117,0,-91,-94,-122,0,-61,0,0,0,0,0,0,0,-12,-12,0,-8,-31,-25,-195,0,0,0,0,0,0,0,0,0,0,0]} 1. e4 c5 2. Nf3 d6 3. Bb5+ Nd7 4. c3 Ngf6 5. Qe2 a6 6. Ba4 g6 {B51: Sicilian: Moscow Variation (3 Bb5+) without 3...Bd7} (6... b5 7. Bc2 Bb7 8. d4 g6 9. O-O Bg7 10. e5 dxe5 11. dxe5 Bxf3 12. gxf3 Nd5 13. e6 N7f6 14. c4 bxc4 15. exf7+ Kxf7 {0-1 (31) Mamedov,R (2701)-Nepomniachtchi,I (2771) Astana 2019}) 7. O-O Bg7 8. d4 b5 9. Bc2 cxd4 10. cxd4 Nb6 11. b3 {[%cal Bb2b3,Bb3a4,Ba4a5][%mdl 32]} O-O 12. a4 bxa4 13. bxa4 {[#]} Qc7 $146 ({Predecessor:} 13... Bg4 14. h3 Bxf3 15. Qxf3 {½-½ (26) Macovei,A (2352)-Kelires,A (2505) Paleochora 2017}) 14. Bd3 Bg4 15. a5 Bxf3 16. gxf3 (16. Qxf3 $14 Nc4 17. Bg5 Nxa5 18. Rc1) 16... Nbd7 $15 {[%cal Bb6d7,Bd7c5,Bc5d3][%mdl 32]} 17. Be3 Nh5 18. Rc1 Qd8 19. Na3 (19. Qf1 $11) 19... e5 20. d5 Qh4 (20... Nf4 $17 21. Bxf4 exf4) 21. Rc7 Nc5 22. Rb1 Bf6 23. Qd2 (23. Bc2 $15) 23... Nxd3 $17 24. Qxd3 Bg5 $1 25. Qf1 Bxe3 26. fxe3 Qg5+ (26... f5 $17 27. Qg2 Rab8 28. Rxb8 Rxb8) 27. Kf2 (27. Kh1 $11 {was the only way to keep the balance.}) 27... f5 28. Qg2 {[#]} Qh6 ({Black should play} 28... Qh4+ $1 $17 29. Kg1 Rab8 30. Rxb8 Rxb8) 29. Ke2 (29. exf5 $11 Nf6 30. Rc4) 29... f4 (29... Rac8 $15 30. Rc6 f4 31. Rxc8 Rxc8) 30. Rbb7 $11 fxe3 31. Qg4 $1 {[%cal Rg4e6]} Nf4+ 32. Ke1 $1 Qxh2 {[%csl Gf4][%cal Rh2e2]} 33. Rg7+ Kh8 {[%csl Gf4][%cal Rh2e2]} 34. Rxh7+ $40 {[%mdl 128] White attacks.} Qxh7 35. Rxh7+ Kxh7 36. Nc4 $2 {[#]} (36. Qd7+ $1 $11 Kg8 37. Nc2) 36... e2 $2 ({Black should try} 36... Rf7 $1 $19 {White must now prevent ...e2.} 37. Nxe3 Rb8) 37. Qd7+ {The position is equal.} ({But not} 37. Nxd6 $2 Rab8 $19) 37... Kg8 38. Nb6 $1 Rab8 {And now ...Rf7 would win.} 39. Qc7 $1 Rbe8 {Hoping for ...Rf7.} 40. Qd7 $1 Rd8 (40... Rb8 $5 41. Qc7 $8 Rfd8 $11) 41. Qc7 Rde8 {Accuracy: White = 45%, Black = 51%.} 1/2-1/2

[Event "FRA-chT Top 12 2019"]
[Site "Brest"]
[Date "2019.05.23"]
[Round "6.4"]
[White "Giroyan, Gary"]
[Black "Vallin, Guillaume"]
[Result "1-0"]
[WhiteElo "2409"]
[BlackElo "2389"]
[Annotator "TA"]
[PlyCount "121"]
[EventDate "2019.05.18"]
[EventType "team-tourn"]
[EventCountry "FRA"]
[SourceTitle "playchess.com"]
[Source "ChessBase"]
[SourceQuality "1"]

{[%evp 23,121,0,0,0,0,0,45,0,12,0,34,46,93,115,345,337,341,320,385,158,150,0,0,-10,-10,-9,4,6,7,6,8,5,8,18,13,13,11,9,22,6,56,3,29,0,0,0,3,0,0,0,35,35,106,95,98,89,318,318,329,305,309,168,514,510,1247,1074,933,949,814,743,1262,995,5591,4393,29972,29972,29977,29977,29976,29977,29978,6211,29978,29980,29983,29985,29985,29984,29984,29985,29986,29985,29985,29985,29985,29984,29986,29987,29991,29982]} 1. Nf3 e6 2. c4 d5 3. e3 Nf6 4. Nc3 Be7 5. b3 O-O 6. Bb2 c5 7. cxd5 exd5 8. d4 b6 9. Be2 Bb7 10. O-O Nbd7 11. Rc1 Rc8 12. dxc5 bxc5 13. Bd3 {E14: Queen's Indian: Classical Variation (4 e3)} (13. Ne1 Nb6 14. Nd3 Re8 15. a4 a6 16. a5 Nbd7 17. Na4 Bd6 18. Bxf6 Qxf6 19. Bg4 Re6 20. Bxe6 fxe6 {0-1 (37) Henrichs,T (2423)-Dziuba,M (2574) Reykjavik 2019}) 13... Re8 14. Bf5 Rb8 $146 ({Predecessor:} 14... a6 15. Na4 Bc6 16. Bxf6 Bxf6 17. Nxc5 Bb5 18. Bxd7 Bxd7 19. Nxd7 Qxd7 20. Qd3 a5 {1-0 (29) Borges,L (2209)-Martins,A Brazil 1999}) 15. Qd3 {White is slightly better.} c4 16. Qc2 cxb3 17. axb3 Ba6 18. Rfd1 Nc5 $2 {[#]} (18... Bb7 $16 {keeps fighting.}) 19. Nxd5 $1 $18 {[%mdl 576] Deflection} Nxd5 20. Bxh7+ Kf8 21. Qf5 (21. Ne5 $1 $18 {[%cal Re5f7] and the rest is easy.} Nxb3 22. Nxf7 $1 {[%mdl 512]}) 21... Nd3 $16 {[#]} 22. Ne5 ({Much less strong is} 22. Rxd3 $6 Bxd3 23. Qxd3 Bf6 $14) ({White must play} 22. Qh5 $1 $16 Nf6 23. Bxf6 Bxf6 24. Bxd3 Bxd3 {[#]} 25. Nd4 $1 {[%mdl 512]}) 22... Nxe5 $11 23. Bxe5 Rc8 {And now ...Rxc1 would win.} 24. Ra1 $132 {[%mdl 2048] White is not keeping still} Bf6 25. Bxf6 {[%mdl 64] Overworked Piece} Qxf6 26. Qxd5 {Black must now prevent Qa5.} g6 27. Qd6+ Qxd6 28. Rxd6 Bb5 29. Bxg6 fxg6 30. Rxg6 a6 31. h4 Red8 32. e4 (32. g4 $14) 32... Rd3 33. e5 Rxb3 34. h5 Bd3 35. Rf6+ Ke7 36. h6 Ra8 37. Kh2 {[%mdl 1024] White has compensation.} a5 (37... Rc8 $14) 38. Rc1 $16 {Strongly threatening Rc7+.} Rb7 39. Rcc6 {Threatens to win with Rce6+.} Bb1 $2 (39... Ke8 $16 {was called for.}) 40. f4 $18 a4 41. f5 Rg8 {intending ...a3.} 42. Rce6+ (42. Rg6 $142 Rxg6 43. Rxg6) 42... Kd7 $2 (42... Kd8 {is more resistant.}) 43. Ra6 Be4 (43... Ke7 $142 44. Rxa4 Rh8) 44. Rf7+ Ke8 45. Rxb7 Bxb7 46. Rxa4 Rxg2+ {[%mdl 4096] Endgame KRB-KR} 47. Kh3 Rg1 48. Ra7 Be4 49. h7 Rh1+ 50. Kg4 Kf8 51. e6 Bc6 52. Rf7+ Ke8 53. Rc7 {White mates.} Kd8 54. Rxc6 Rxh7 {KR-KR} 55. Kg5 Rh1 56. Kf6 Rh6+ 57. Ke5 Rh1 58. Rd6+ Ke8 59. Rd7 Rh2 60. Ra7 Rh5 61. Ke4 {Accuracy: White = 63%, Black = 28%.} 1-0

[Event "FRA-chT Top 12 2019"]
[Site "Brest"]
[Date "2019.05.23"]
[Round "6.5"]
[White "Fressinet, Laurent"]
[Black "Cappon, John"]
[Result "1-0"]
[WhiteElo "2640"]
[BlackElo "2094"]
[Annotator "RC"]
[PlyCount "71"]
[EventDate "2019.05.18"]
[EventType "team-tourn"]
[EventCountry "FRA"]
[SourceTitle "playchess.com"]
[Source "ChessBase"]
[SourceQuality "1"]
[TimeControl "40/5400+30:1800+30"]

1. Nf3 {[%emt 0:00:00]} f5 {[%emt 0:02:54]} 2. d3 {[%emt 0:00:18]} d6 {[%emt 0:00:12]} 3. e4 {[%emt 0:00:36]} e5 {[%emt 0:00:08]} 4. Nc3 {[%emt 0:00:08]} Nc6 {[%emt 0:07:34]} 5. exf5 {[%emt 0:02:01]} Bxf5 {[%emt 0:04:38]} 6. d4 {[%emt 0:00:55]} Bg4 {[%emt 0:11:03]} 7. Bb5 {[%emt 0:15:51]} exd4 {[%emt 0:03:57]} 8. Qxd4 {[%emt 0:02:23]} Bxf3 {[%emt 0:10:21]} 9. gxf3 {[%emt 0:00:27]} Qd7 {[%emt 0:03:42]} 10. Qe4+ {[%emt 0:03:58]} Nge7 {[%emt 0:01:32]} 11. Bg5 {[%emt 0:07:52]} a6 {[%emt 0:06:54]} 12. Bc4 {[%emt 0:17:21]} Qf5 {[%emt 0:12:30]} 13. h4 {[%emt 0:01:54]} Qxe4+ {[%emt 0:17:21]} 14. fxe4 {[%emt 0:00:19]} h6 {[%emt 0:00:23]} 15. Be3 {[%emt 0:05:12]} g6 {[%emt 0:05:39]} 16. O-O-O {[%emt 0:01:10]} h5 {[%emt 0:02:01]} 17. f4 {[%emt 0:03:45]} Bh6 {[%emt 0:00:37]} 18. Be6 {[%emt 0:01:29]} Rf8 {[%emt 0:00:45]} 19. Rdf1 {[%emt 0:02:30]} Rf6 {[%emt 0:01:05]} 20. Bh3 {[%emt 0:00:16]} Kf7 {[%emt 0:01:09]} 21. Bd2 {[%emt 0:04:31]} Rf8 {[%emt 0:00:32]} 22. Ne2 {[%emt 0:02:41]} Ke8 {[%emt 0:00:32]} 23. Kd1 {[%emt 0:02:41]} Nd8 {[%emt 0:00:54]} 24. Rf3 {[%emt 0:01:44]} d5 {[%emt 0:03:12]} 25. exd5 {[%emt 0:01:18]} Nxd5 {[%emt 0:00:28]} 26. Re1 {[%emt 0:00:06]} Kf7 {[%emt 0:00:41]} 27. Ng3 {[%emt 0:05:10]} Kg8 {[%emt 0:01:18]} 28. f5 {[%emt 0:02:56]} Bxd2 {[%emt 0:00:27]} 29. Kxd2 {[%emt 0:00:03]} gxf5 {[%emt 0:01:18]} 30. Re5 {[%emt 0:03:22]} Rd6 {[%emt 0:00:28]} 31. Nxf5 {[%emt 0:01:43]} Nc6 {[%emt 0:00:34]} 32. Nxd6 {[%emt 0:01:48]} Rxf3 {[%emt 0:00:28]} 33. Be6+ {[%emt 0:00:29]} Kf8 {[%emt 0:00:16]} 34. Rxd5 {[%emt 0:01:19]} Ke7 {[%emt 0:00:43]} 35. Nxb7 {[%emt 0:00:59]} Kxe6 {[%emt 0:00:21]} 36. Rxh5 {[%emt 0:00:04] Kd5} 1-0

[Event "FRA-chT Top 12 2019"]
[Site "Brest"]
[Date "2019.05.23"]
[Round "6.5"]
[White "Wagner, Dennis"]
[Black "Van Foreest, Jorden"]
[Result "1/2-1/2"]
[WhiteElo "2578"]
[BlackElo "2601"]
[Annotator "TA"]
[PlyCount "81"]
[EventDate "2019.05.18"]
[EventType "team-tourn"]
[EventCountry "FRA"]
[SourceTitle "playchess.com"]
[Source "ChessBase"]
[SourceQuality "1"]

{[%evp 18,81,0,0,0,0,0,0,0,0,0,-17,-11,-19,-21,-24,22,-38,0,-8,-12,-18,0,-18,16,41,30,49,19,-81,-49,-107,-118,-114,-112,-182,-113,-119,-134,-106,0,0,0,0,0,0,0,0,0,0,0,0,0,0,0,0,0,0,0,0,0,0,0,0,0,0]} 1. Nf3 Nf6 2. c4 g6 3. Nc3 Bg7 4. d4 d5 5. cxd5 Nxd5 6. e4 Nxc3 7. bxc3 c5 8. h3 ({Predecessor:} 8. Be3 Qa5 9. Bd2 O-O 10. h3 Nc6 11. Be2 cxd4 {½-½ (40) Ernst,S (2535)-Koop,T (2412) Vlissingen 2016}) 8... O-O 9. Be3 Nc6 10. Be2 cxd4 {D85: Exchange Grünfeld: Unusual White 7th moves and lines with 7 Nf3} 11. cxd4 Qa5+ $146 (11... f5 12. Bc4+ Kh8 13. O-O f4 14. Bc1 Nxd4 15. Ba3 Qa5 16. Bxe7 Re8 17. Bd6 Rxe4 18. Rc1 {0-1 (79) Van Foreest,J (2618)-Vachier Lagrave,M (2780) La Roche sur Yon 2019}) 12. Bd2 Qa3 13. d5 Ne5 14. Nxe5 Bxe5 15. Rb1 Qxa2 16. O-O a5 17. Bh6 (17. Bg5 $11) 17... Rd8 $15 18. f4 Bc3 19. f5 Bd7 20. Bg4 Ra6 {White must now prevent ...gxf5.} 21. Qd3 Bb4 $1 {And now ...gxf5 would win.} ({But not} 21... gxf5 $2 22. Qxc3 Rxh6 23. Ra1 $18) 22. Qd4 {[%csl Gh6][%cal Rd4g7]} f6 23. e5 (23. Ra1 $11 Qb3 24. Rf3) 23... Bxf5 $17 24. Bxf5 (24. Rbd1 $1 $15 fxe5 25. Qxe5) 24... gxf5 25. d6 {[#]} Qe6 $1 {[%mdl 64] Double Attack} ({Don't play} 25... exd6 $6 26. Kh1 $14) 26. Rf3 (26. Rxb4 $17 axb4 27. Qxb4) 26... Qxe5 (26... fxe5 $19 27. Rg3+ Kf7) 27. Qc4+ Kh8 28. Qf7 {[%csl Gf7][%cal Rh6g7] [#]} Rg8 {[#]} (28... Bc5+ $1 $17 29. Kh1 Rg8 30. dxe7 Qxe7 31. Qxe7 Bxe7 32. Rxb7 Bd6 33. Rxf5 Be5) 29. Rxb4 $1 $11 {[%mdl 512] The position is equal.} axb4 30. dxe7 Re6 {[#]} 31. Re3 $1 {[%mdl 512]} Qa1+ 32. Kh2 Rxe3 33. Bxe3 {[%mdl 4096] Endgame KQR-KQB} Qe5+ {[%mdl 64] Double Attack} 34. Kh1 Qa1+ 35. Kh2 Qe5+ {[%mdl 64] Double Attack} 36. Kh1 h6 {[#] Strongly threatening ...Qg3.} 37. Qf8 $1 {[%cal Rf8h6][%mdl 512]} Qxe3 38. Qxf6+ Kh7 39. Qf7+ $1 Kh8 40. Qf6+ Kh7 {( -> ...Qe1+)} 41. Qf7+ $1 {Accuracy: White = 57%, Black = 66%.} 1/2-1/2